TBMM'nin dikkatine (Record no. 8393)

MARC details
000 -BAŞLIK
Sabit Uzunlukta Kontrol Alanı 00757na a2200253 4500
001 - KONTROL NUMARASI
Denetim Alanı 16250
003 - KONTROL NUMARASI IDENTIFIER
Denetim Alanı MIRAKIL
005 - SON İŞLEM TARİHİ VE ZAMANI
Denetim Alanı 20181213155210.0
008 - SABİT-BOY VERİ ELEMANLARI - GENEL BİLGİLER
Sabit Uzunlukta Kontrol Alanı 161001b tu 000 0
035 ## - SİSTEM KONTROL NUMARASI
Sistem Kontrol Numarası 16250
040 ## - KATALOGLAMA KAYNAK
Orijinal Kataloglama Ajansı Milas
Kataloglama Dili tur
Metne Dönüştürmek Ajansı TR-AnCHP
082 ## - DEWEY ONLU SINIFLANDIRMA NUMARASI
Sınıflandırma Numarası 300.561
Ürün Numarası K26t 2002
090 ## - SINIFLAMA NUMARASI
Sınıflama Numarası 300.561 K26t 2002
100 ## - ANA GİRİŞ - KİŞİSEL İSİM
Kişisel Ad Karaca, Uğur
Bir Adıyla İlişkilendirilen Tarihler 1967-
245 ## - BAŞLIK TABLOSU
Başlık TBMM'nin dikkatine
Başlığın Kalan (özet yasa önerileri)
Sorumluluk Tablosu, Vb Uğur Karaca
246 ## - UNVAN FORM VARYING
Başlık Doğru / Kısa Başlığı özet yasa önerileri
260 ## - YAYIN, DAĞITIM, VB
Yayın, Dağıtım, Vb Yeri [y.y.]
Yayıncı, Dağıtıcı, Vs Adı [yayl.y.]
Yayın, Dağıtım, Vb Tarihi 2002
300 ## - FİZİKSEL TANIM
Kapsam 40 s.
Boyutlar 20 sm.
650 ## - KONU KATMA GİRİŞ - TOPİKAL DÖNEM
Topikal Süreli Veya Coğrafi Ad Giriş Elemanı Siyaset ve yönetim
Genel Alt Bölümü Çözüm önerileri
650 ## - KONU KATMA GİRİŞ - TOPİKAL DÖNEM
Topikal Süreli Veya Coğrafi Ad Giriş Elemanı Adalet
Genel Alt Bölümü Çözüm önerileri
650 ## - KONU KATMA GİRİŞ - TOPİKAL DÖNEM
Topikal Süreli Veya Coğrafi Ad Giriş Elemanı Ekonomik sorunlar
Genel Alt Bölümü Çözüm önerileri
650 ## - KONU KATMA GİRİŞ - TOPİKAL DÖNEM
Topikal Süreli Veya Coğrafi Ad Giriş Elemanı Toplumsal sorunlar
Genel Alt Bölümü Çözüm önerileri
942 ## - EKLENDİ GİRİŞ ELEMANLARI (KOHA)
Sınıflandırma Veya Raf Düzeni Kaynak
Koha Öğesi Türü Books
999 ## - SİSTEM KONTROL NUMARALARI (KOHA)
Koha Biblionumber 8393
Koha Biblioitemnumber 8393
Holdings
Kalıcı Konum Mevcut Konum Edinme Tarihi Edinim Kaynak Toplam Check-Out'Lar Tam Çağrı Numarası Barkod Tarih Son Görülme İtibaren Geçerli Fiyatlar Koha Öğesi Türü
CHP Kütüphanesi CHP Kütüphanesi 10/01/2016 Bağış   300.561 K26t 2002 005151 10/01/2016 10/01/2016 Books